Quy hoạch du lịch
Dẫn luận quy hoạch du lịch. Nghiên cứu tiềm năng và các điều kiện quy hoạch du lịch. Nghiên cứu thực trạng kinh doanh du lịch và cơ sở khoa học của việc xây dựng bản đồ trong quy hoạch du lịch. Dự báo nhu cầu phát triển du lịch và các định hướng - chiến lược phát triển du lịch. Tổ chức thực hiện và...
Bewaard in:
| Hoofdauteur: | |
|---|---|
| Formaat: | Boek |
| Taal: | Vietnamese |
| Gepubliceerd in: |
H.
Giáo dục Việt Nam
2013
|
| Editie: | Tái bản lần thứ tư có sửa chữa, bổ sung |
| Onderwerpen: | |
| Tags: |
Voeg label toe
Geen labels, Wees de eerste die dit record labelt!
|
| Thư viện lưu trữ: | Mạng thư viện Đại học Đà Nẵng |
|---|
| LEADER | 01677nam a2200325 4500 | ||
|---|---|---|---|
| 001 | 000024071 | ||
| 003 | 20550 | ||
| 005 | 20160928100927.0 | ||
| 008 | 160928s2013 viesd | ||
| 020 | |c 65000 | ||
| 041 | 0 | |a vie | |
| 082 | 1 | 4 | |a 910 |b BU-Y |
| 100 | 1 | |a Bùi Thị Hải Yến | |
| 245 | 1 | 0 | |a Quy hoạch du lịch |c Bùi Thị Hải Yến |
| 250 | |a Tái bản lần thứ tư có sửa chữa, bổ sung | ||
| 260 | |a H. |b Giáo dục Việt Nam |c 2013 | ||
| 300 | |a 355 tr. |b bảng |c 24 cm. | ||
| 520 | 3 | |a Dẫn luận quy hoạch du lịch. Nghiên cứu tiềm năng và các điều kiện quy hoạch du lịch. Nghiên cứu thực trạng kinh doanh du lịch và cơ sở khoa học của việc xây dựng bản đồ trong quy hoạch du lịch. Dự báo nhu cầu phát triển du lịch và các định hướng - chiến lược phát triển du lịch. Tổ chức thực hiện và đánh giá tác động từ các dự án quy hoạch phát triển du lịch đến tài nguyên - môi trường. Quy hoạch du lịch ở vùng biển. Quy hoạch du lịch ở vùng núi. Quy hoạch du lịch ở vùng nông thôn và ven đô. | |
| 650 | 0 | 4 | |a Du lịch |x Quy hoạch |
| 653 | |a Du lịch | ||
| OWN | |a LSP | ||
| AVA | |a UDN50 |b LSP |d 910 BU-Y |e check_holdings |t Error 5003 Not defined in file expand_doc_bib_avail. |h N |k 1 | ||
| 999 | |a From the UDN01 | ||
| AVA | |a UDN50 |b LSP |d 910 BU-Y |e available |t Error 5001 Not defined in file expand_doc_bib_avail. |f 30 |g 4 |h N |i 49 |k 1 | ||
| TYP | |a Monograph | ||
| TYP | |a Printed language | ||
| 980 | |a Mạng thư viện Đại học Đà Nẵng | ||